Ciencias naturales, 6
Zapisane w:
| Format: | Książka |
|---|---|
| Język: | hiszpański |
| Wydane: |
Santiago
Arrayán
1988
|
| Hasła przedmiotowe: | |
| Etykiety: |
Dodaj etykietę
Nie ma etykietki, Dołącz pierwszą etykiete!
|
MARC
| LEADER | 00000nam a2200000 a 4500 | ||
|---|---|---|---|
| 001 | UCW5328 | ||
| 003 | CL-VaPUC | ||
| 008 | 910403e19880000CL |||||||||||||||||spa|d | ||
| 082 | 0 | 4 | |a 372.35 |b CIE |2 21 |
| 245 | 1 | 0 | |a Ciencias naturales, 6 |
| 300 | |a 96 p | ||
| 942 | |c BK | ||
| 945 | |d 19910403 00:00:00 | ||
| 260 | |a Santiago |b Arrayán |c 1988 | ||
| 650 | 0 | |a Ciencias naturales |9 260542 | |
| 650 | 0 | |a Libros de texto |9 270019 | |
| 583 | |a last modification |c 19910403 00:00:00 |k Rodrigo Vera | ||
| 999 | |c 218792 |d 218790 | ||
| 952 | |0 0 |1 0 |4 0 |6 372_350000000000000_CIE_1988 |7 0 |8 P |9 208935 |a BIBEDU |b BIBEDU |c BIBEDU_PB |d 2019-11-15 |i 2767287 |o 372.35 CIE 1988 |p 2767287 |r 2024-01-25 |w 2019-11-15 |y BK |k EDU | ||
| 952 | |0 0 |1 0 |4 0 |6 372_350000000000000_CIE_1988 |7 0 |8 P |9 208936 |a BIBEDU |b BIBEDU |c BIBEDU_PB |d 2019-11-15 |i 2767295 |o 372.35 CIE 1988 |p 2767295 |r 2024-01-25 |w 2019-11-15 |y BK |k EDU | ||